Water supply (Record no. 548031)

000 -LEADER
fixed length control field 00359nam a22001337a 4500
082 ## - DEWEY DECIMAL CLASSIFICATION NUMBER
Classification number 628.1
Author Mark GIF
-- L-23, P-32
100 ## - MAIN ENTRY--PERSONAL NAME
Personal name Giffin, Frank
9 (RLIN) 44211
245 ## - TITLE STATEMENT
Title Water supply
Statement of responsibility, etc. Giffin, Frank
260 ## - PUBLICATION, DISTRIBUTION, ETC.
Place of publication, distribution, etc. London
Name of publisher, distributor, etc. Frederick Muller
Date of publication, distribution, etc. 1965
300 ## - PHYSICAL DESCRIPTION
Extent 143 p.
Other physical details ill.
Dimensions 20 cm.
526 ## - STUDY PROGRAM INFORMATION NOTE
Program name 0
Interest level 0
Reading level 0
Title point value 628_100000000000000_GIF
650 ## - SUBJECT ADDED ENTRY--TOPICAL TERM
Topical term or geographic name entry element MCE
9 (RLIN) 379
942 ## - ADDED ENTRY ELEMENTS (KOHA)
Source of classification or shelving scheme
Koha item type Book
Holdings
Withdrawn status Lost status Source of classification or shelving scheme Damaged status Not for loan Permanent Location Current Location Date acquired Total Checkouts Full call number Barcode Date last seen Price effective from Koha item type
          Military College of Engineering (MCE) Military College of Engineering (MCE) 08/19/2014   628.1 GIF MCE-5061 08/19/2014 08/19/2014 Book
© 2023 Central Library, National University of Sciences and Technology. All Rights Reserved.